00789nam a2200229 a 450000100100000000500170001000800410002702000150006804000250008308200170010810000460012524500560017126000500022730000110027749000220028865000310031065000480034183000290038904900090041895201150042799900170054200003433720200930073639.0101117s1974 dr r 000 f spa d a8430304800 aDO-SdBNPbspacBNPHU a813.4bB414c1 aBeecher Stowe, Harriet,d1811-189694672313aLa cabaña del tio Tom /cHarriet Beecher Stowe ;. aBarcelona :bEditorial Ramón Sopena,c1974. c18 cm.1 aBiblioteca sopena 4aNovela estadounidense9262 4aLiteratura estadounidenseySIGLO XIX912793 0aBiblioteca sopena912815 aBNGR 0010718PDaGRbGRcCTd2011-10-03iLF1l0o813.4 B414cp34337-10r2020-06-25w2020-06-25yLFPDZNo se presta c33828d33828